000 00653nam a2200181 i 4500
001 29235
003 ES-MaACL
005 20250901224556.0
007 t|
008 030121s1910 sp ||||1| spa d
100 1 _aBarés y Lizón, Carlos.
_925622
245 1 0 _aMemoria acerca del estado de la Escuela Superior de Comercio de La Coruña durante el curso académico de 1909 a 1910 /
_cCarlos Barés y Lizón.
260 _aLa Coruña :
_b[s.n.],
_c1910 (
_fTip. de F. García Ibarra)
300 _a51 p. ;
_c24 cm.
710 2 _aEscuela Superior de Comercio de La Coruña
_93598
852 _aES-MaACL
_jT-1218-F-8
999 _c29235
_d29235